[Event "Gütersloher SV 1 - Herforder SV Königss"]
[Site "NRW-Klasse, Gruppe 2 2014/201"]
[Date "2014.09.14"]
[Round "1.2"]
[White "Ebert, Manuel"]
[Black "Pieper-Emden, Carsten"]
[Result "0-1"]
[WhiteElo "2106"]
[BlackElo "2164"]
[Annotator "Doe,John"]
[PlyCount "106"]
[EventDate "2014.??.??"]
[WhiteTeam "Gütersloher SV 1"]
[BlackTeam "Herforder SV Königsspringer 1"]

1. Nf3 d5 2. g3 Nf6 3. Bg2 c6 4. O-O Bf5 5. d3 h6 6. c4 e6 7. b3 Be7 8. Bb2 O-O
9. Nbd2 a5 10. Re1 Bh7 11. e4 dxe4 12. dxe4 Na6 13. a3 Nc5 14. Ne5 Qb6 15. Qc2
Rfd8 16. Rad1 Bd6 17. Nef3 Ng4 18. Re2 Bf8 19. Bd4 e5 20. Be3 Nxe3 21. Rxe3 f6
22. Bh3 Na6 23. Nb1 Rxd1+ 24. Qxd1 Bc5 25. Re2 Rd8 26. Qc2 Rd6 27. Kg2 Kf8 28.
Nh4 Qd8 29. Nf5 Rd3 30. Qb2 $11 h5 31. f4 Rd1 32. Rd2 Rxd2+ 33. Qxd2 Qxd2+ 34.
Nxd2 g6 35. Nh4 exf4 36. gxf4 Be3 37. Nhf3 Bxf4 38. Bc8 Nc5 39. b4 axb4 40.
axb4 Nd3 41. Bxb7 Nxb4 42. Nb3 g5 43. Nfd2 Ke7 44. Bc8 Nd3 45. h3 Kd6 46. h4
Nc5 47. Bf5 Bxd2 48. Nxd2 Bxf5 49. exf5 g4 50. Nf1 Ne4 51. Ne3 Ke5 52. Nc2 c5
53. Ne3 Nd6 0-1

[Event "Gütersloher SV 1 - Herforder SV Königss"]
[Site "NRW-Klasse, Gruppe 2 2014/201"]
[Date "2014.09.14"]
[Round "1.3"]
[White "Loemker, Michael"]
[Black "Plaßmann, Dominik"]
[Result "0-1"]
[WhiteElo "2092"]
[BlackElo "2003"]
[PlyCount "108"]
[EventDate "2014.??.??"]
[WhiteTeam "Herforder SV Königsspringer 1"]
[BlackTeam "Gütersloher SV 1"]

1. d4 e6 2. c4 f5 3. Nf3 Nf6 4. g3 b6 5. Bg2 Bb7 6. O-O Be7 7. Nc3 O-O 8. Bf4
h6 9. Ne5 Bxg2 10. Kxg2 Kh7 11. Qd3 d6 12. Nf3 Nbd7 13. Rad1 Re8 14. Qc2 g6 15.
h4 Bf8 16. e4 Bg7 17. Rfe1 Qc8 18. exf5 exf5 19. Bc1 Qb7 20. d5 Ne5 21. Nxe5
dxe5 22. Kg1 Rad8 23. Qa4 Qc8 24. Qc2 f4 25. Ne4 Qh3 26. Nxf6+ Bxf6 27. Qd3 Qg4
28. Kh2 e4 29. Qe2 f3 30. Qe3 Bg5 31. Qd4 Bxh4 32. Rh1 Bg5 33. Bxg5 Qxg5 34.
Rde1 Qf5 35. Qe3 Re5 36. Qf4 Rde8 37. Qxf5 Rxf5 38. Re3 Rh5+ 39. Kg1 Rxh1+ 40.
Kxh1 g5 41. b4 Kg6 42. Ra3 Kf5 43. Kg1 Ra8 44. c5 bxc5 45. Ra5 Ke5 46. Rxc5 Rd8
47. Rxc7 Rxd5 48. Rxa7 Rd1+ 49. Kh2 Rf1 50. Ra5+ Kd4 51. b5 Rxf2+ 52. Kh3 Rb2
53. Ra4+ Ke3 54. Ra3+ Ke2 0-1

[Event "Gütersloher SV 1 - Herforder SV Königss"]
[Site "NRW-Klasse, Gruppe 2 2014/201"]
[Date "2014.09.14"]
[Round "1.4"]
[White "Hanhoerster, Stephan"]
[Black "Quelle, Helmut"]
[Result "0-1"]
[WhiteElo "2059"]
[BlackElo "2070"]
[PlyCount "80"]
[EventDate "2014.??.??"]
[WhiteTeam "Gütersloher SV 1"]
[BlackTeam "Herforder SV Königsspringer 1"]

1. d4 Nf6 2. Nf3 g6 3. Nc3 Bg7 4. e4 d6 5. Be3 c6 6. Qd2 Qa5 7. h3 Nbd7 8. Bd3
O-O 9. O-O Re8 10. Bh6 e5 11. a3 Nf8 12. dxe5 dxe5 13. Bc4 Be6 14. Bxg7 Kxg7
15. Bxe6 Nxe6 16. Rfd1 Rad8 17. Qe3 Qc5 18. Qxc5 Nxc5 19. Rxd8 Rxd8 20. Nxe5
Rd2 21. Rc1 Nfxe4 22. Nxe4 Nxe4 23. Nc4 Rd4 24. Na5 Rd7 25. Re1 f5 26. f3 Ng3
27. f4 Kf6 28. Re8 Nh5 29. Rf8+ Ke6 30. Rb8 b6 31. Nxc6 Nxf4 32. c3 Rd2 33.
Nxa7 Rxg2+ 34. Kf1 Rxb2 35. a4 Nd3 36. Nb5 Ke5 37. Rxb6 Kf4 38. Rd6 Nc5 39. Nd4
Ne4 40. Ne2+ Rxe2 0-1

[Event "Gütersloher SV 1 - Herforder SV Königss"]
[Site "NRW-Klasse, Gruppe 2 2014/201"]
[Date "2014.09.14"]
[Round "1.5"]
[White "Bentel, Robin"]
[Black "Janyska, Dennis"]
[Result "1/2-1/2"]
[WhiteElo "2052"]
[BlackElo "1995"]
[PlyCount "96"]
[EventDate "2014.??.??"]
[WhiteTeam "Herforder SV Königsspringer 1"]
[BlackTeam "Gütersloher SV 1"]

1. e4 e6 2. d3 d5 3. Nd2 Nf6 4. Ngf3 Nc6 5. g3 dxe4 6. dxe4 e5 7. Bg2 Bc5 8.
O-O O-O 9. Qe2 Qe7 10. c3 a5 11. Nh4 g6 12. Nc4 b6 13. Bg5 Ba6 14. Qf3 Bxc4 15.
Bxf6 Qe6 16. Rfe1 Be7 17. Bxe7 Qxe7 18. Nf5 Qf6 19. Ne3 Qxf3 20. Bxf3 Be6 21.
Nd5 Ra7 22. Rad1 f6 23. Be2 Kf7 24. Bc4 a4 25. f4 Na5 26. Be2 exf4 27. gxf4 c6
28. Nxb6 Bxa2 29. Nxa4 Re8 30. Nc5 Bc4 31. Rd4 Bxe2 32. Rxe2 Nb7 33. Nxb7 Rxb7
34. Rc4 Re6 35. Kf2 g5 36. Kf3 gxf4 37. Kxf4 Rb5 38. Rd2 Rh5 39. Kg4 Rg5+ 40.
Kf4 Rh5 41. Rd7+ Kg6 42. Rc7 Rxh2 43. b4 Rd6 44. Rd4 Re6 45. c4 Rf2+ 46. Kg3
Rb2 47. c5 h5 48. Rcd7 Re5 1/2-1/2

[Event "Gütersloher SV 1 - Herforder SV Königss"]
[Site "NRW-Klasse, Gruppe 2 2014/201"]
[Date "2014.09.14"]
[Round "1.6"]
[White "Scharnowski, Tobias"]
[Black "Heuermann, Heinz-Burkhard"]
[Result "1-0"]
[WhiteElo "2005"]
[BlackElo "1951"]
[PlyCount "65"]
[EventDate "2014.??.??"]
[WhiteTeam "Gütersloher SV 1"]
[BlackTeam "Herforder SV Königsspringer 1"]

1. e4 c5 2. Nf3 e6 3. d4 cxd4 4. Nxd4 Nf6 5. Nc3 d6 6. Be3 a6 7. f3 Be7 8. Qd2
b5 9. g4 Bb7 10. O-O-O Nc6 11. h4 Qa5 12. Nb3 Qc7 13. Qf2 Nd7 14. g5 Nce5 15.
Bd4 O-O 16. Kb1 Rac8 17. f4 Nc4 18. Bxc4 Qxc4 19. Na5 Qc7 20. Nxb7 Qxb7 21. f5
b4 22. Ne2 e5 23. Be3 Qxe4 24. Ng3 Qc6 25. f6 Bxf6 26. gxf6 Nxf6 27. Nf5 Rc7
28. Rhg1 Ne4 29. Rxg7+ Kh8 30. Qg2 f6 31. Rg1 Ng5 32. Rxc7 Qxc7 33. hxg5 1-0

[Event "Gütersloher SV 1 - Herforder SV Königss"]
[Site "NRW-Klasse, Gruppe 2 2014/201"]
[Date "2014.09.14"]
[Round "1.7"]
[White "Kirnos, Evgeni"]
[Black "Krueger, Tim"]
[Result "1-0"]
[WhiteElo "2153"]
[BlackElo "2007"]
[PlyCount "109"]
[EventDate "2014.??.??"]
[WhiteTeam "Herforder SV Königsspringer 1"]
[BlackTeam "Gütersloher SV 1"]

1. e4 c5 2. Nf3 Nc6 3. d4 cxd4 4. Nxd4 Nf6 5. Nc3 e5 6. Ndb5 d6 7. Bg5 a6 8.
Na3 b5 9. Nd5 Be7 10. Bxf6 Bxf6 11. g3 O-O 12. Bg2 Bg5 13. O-O Bb7 14. c3 Ne7
15. Nxe7+ Qxe7 16. Qd3 f5 17. h4 Bh6 18. exf5 e4 19. Qe2 Rxf5 20. f4 g6 21. Nc2
Bg7 22. Ne3 Rc5 23. Rad1 a5 24. Rf2 d5 25. a3 Rd8 26. Nc2 Qc7 27. Nd4 Bxd4 28.
Rxd4 Rc4 29. Qe3 Rf8 30. Bf1 Rc5 31. Rfd2 Kg7 32. Bh3 Qe7 33. Rd1 Kg8 34. R4d2
Rc7 35. Kf2 Re8 36. Kg1 Qc5 37. Qxc5 Rxc5 38. Rd4 Rc7 39. Re1 Kg7 40. Kf2 Ree7
41. Ke3 h6 42. a4 bxa4 43. Rxa4 Rc5 44. Rea1 Rb5 45. R1a2 Ba6 46. Bf1 Rb6 47.
Bxa6 Rxa6 48. Rxa5 Rxa5 49. Rxa5 Rb7 50. Rxd5 Rxb2 51. Kxe4 Re2+ 52. Kf3 Rc2
53. Rd3 h5 54. Ke4 Re2+ 55. Re3 1-0

[Event "Gütersloher SV 1 - Herforder SV Königss"]
[Site "NRW-Klasse, Gruppe 2 2014/201"]
[Date "2014.09.14"]
[Round "1.8"]
[White "Minosjan, Artur"]
[Black "Buddensiek, Uwe"]
[Result "0-1"]
[WhiteElo "1999"]
[BlackElo "2011"]
[PlyCount "74"]
[EventDate "2014.??.??"]
[WhiteTeam "Gütersloher SV 1"]
[BlackTeam "Herforder SV Königsspringer 1"]

1. e4 Nf6 2. Nc3 d5 3. e5 Ne4 4. Nf3 Bg4 5. Be2 e6 6. O-O Be7 7. Nb1 Nd7 8. d3
Nec5 9. Bf4 Nf8 10. h3 Bxf3 11. Bxf3 Ng6 12. Bg3 Bh4 13. Bxh4 Nxh4 14. d4 Nd7
15. Be2 Qg5 16. g3 h5 17. Qd2 Qxd2 18. Nxd2 Nf5 19. c3 c5 20. Nf3 Rc8 21. Bd3
g6 22. Kg2 Ke7 23. g4 hxg4 24. hxg4 Nh4+ 25. Nxh4 Rxh4 26. f3 Rch8 27. Rh1 Rxh1
28. Rxh1 Rxh1 29. Kxh1 cxd4 30. cxd4 Nb8 31. Kg2 Nc6 32. Kf2 Nxd4 33. Ke3 Nc6
34. f4 g5 35. Bc2 a6 36. Bd1 gxf4+ 37. Kxf4 Nb4 0-1

[Event "SK Münster 1 - SF Neuenkirchen 1"]
[Site "NRW-Klasse, Gruppe 2 2014/201"]
[Date "2014.09.14"]
[Round "1.1"]
[White "Muschik, Benedikt"]
[Black "Wolter, Kai"]
[Result "1-0"]
[WhiteElo "2305"]
[BlackElo "2269"]
[PlyCount "133"]
[EventDate "2014.??.??"]
[WhiteTeam "SF Neuenkirchen 1"]
[BlackTeam "SK Münster 1"]

1. d4 Nf6 2. Bf4 g6 3. e3 d6 4. Be2 Bg7 5. h3 O-O 6. Nf3 c5 7. c3 Qb6 8. Qb3
Qxb3 9. axb3 Nc6 10. Nbd2 cxd4 11. exd4 e5 12. dxe5 Nd5 13. Bg3 dxe5 14. O-O f6
15. b4 Rd8 16. b5 Nce7 17. Ra4 Be6 18. Rfa1 Nc8 19. Nc4 b6 20. Ne3 Nxe3 21.
fxe3 Rb8 22. Nd4 Bd7 23. Nc6 Bxc6 24. bxc6 Rd6 25. Bf3 Ne7 26. c7 Rc8 27. Rxa7
Rd7 28. R1a6 Bh6 29. Bf2 Rcxc7 30. Rxc7 Rxc7 31. Rxb6 Kf7 32. Rb7 Rxb7 33. Bxb7
Nf5 34. e4 Ne3 35. b4 Ke7 36. Ba6 Kd6 37. Bb5 f5 38. Bd3 fxe4 39. Bxe4 Nd1 40.
Be1 Bc1 41. Bf3 Nb2 42. Be4 Nd1 43. c4 Bb2 44. c5+ Kc7 45. Kf1 Nc3 46. Ba8 Nb5
47. Ke2 Kb8 48. Be4 Kc7 49. Kd3 Bd4 50. Bf3 Kd7 51. Bd1 Kc7 52. Bb3 h6 53. Kc4
Na3+ 54. Kd5 Nb5 55. Bg3 Nc3+ 56. Ke6 Kc6 57. Bxe5 Bxe5 58. Kxe5 Kb5 59. Bf7
Kxb4 60. c6 Nb5 61. Bxg6 Kc5 62. Be4 Nc7 63. Bf3 Ne8 64. Ke6 Nc7+ 65. Kf6 Kd6
66. Kg6 Ke5 67. Kf7 1-0

[Event "SK Münster 1 - SF Neuenkirchen 1"]
[Site "NRW-Klasse, Gruppe 2 2014/201"]
[Date "2014.09.14"]
[Round "1.2"]
[White "Kuijf, Marinus"]
[Black "Wilde, Pierre"]
[Result "0-1"]
[WhiteElo "2339"]
[BlackElo "2233"]
[PlyCount "84"]
[EventDate "2014.??.??"]
[WhiteTeam "SK Münster 1"]
[BlackTeam "SF Neuenkirchen 1"]

1. e4 c5 2. Nc3 Nc6 3. f4 g6 4. Nf3 Bg7 5. Bb5 Nd4 6. O-O Nxb5 7. Nxb5 d5 8.
exd5 a6 9. Nc3 Nf6 10. d4 Nxd5 11. dxc5 Nxc3 12. Qxd8+ Kxd8 13. bxc3 Bxc3 14.
Rb1 Kc7 15. Rb3 Bf6 16. Ng5 Bf5 17. Bd2 Bxc2 18. Ba5+ Kb8 19. Rbf3 Rc8 20. Bb6
Bd4+ 21. Kh1 Bxc5 22. Bxc5 Rxc5 23. Nxf7 b5 24. Re3 Ra7 25. g4 b4 26. Rfe1 a5
27. Rxe7 Rxe7 28. Rxe7 a4 29. Nd6 b3 30. axb3 axb3 31. Rb7+ Ka8 32. Rb4 Rc6 33.
Ra4+ Kb8 34. Rb4+ Ka7 35. Nb5+ Ka6 36. Na3 Rb6 37. Rc4 Bd1 38. f5 gxf5 39. gxf5
b2 40. Nb1 Bb3 41. Rf4 Bc2 42. Nd2 Rd6 0-1

[Event "SK Münster 1 - SF Neuenkirchen 1"]
[Site "NRW-Klasse, Gruppe 2 2014/201"]
[Date "2014.09.14"]
[Round "1.3"]
[White "Beckmann, Klaus"]
[Black "Webb, Laurence"]
[Result "0-1"]
[WhiteElo "2210"]
[BlackElo "2222"]
[PlyCount "80"]
[EventDate "2014.??.??"]
[WhiteTeam "SF Neuenkirchen 1"]
[BlackTeam "SK Münster 1"]

1. Nf3 Nc6 2. d4 d5 3. Bf4 Nf6 4. h3 g6 5. e3 Bg7 6. c4 O-O 7. Nc3 a6 8. Rc1 e6
9. Bh2 Ne4 10. Be2 Nxc3 11. Rxc3 dxc4 12. Rxc4 Qe7 13. O-O e5 14. d5 Rd8 15. e4
Nb8 16. Qc1 c6 17. Rd1 Rd6 18. Qc3 f6 19. Qb3 Kh8 20. Rcc1 b5 21. a4 bxa4 22.
Qa3 Bf8 23. Nd2 Bb7 24. Nc4 Rd8 25. d6 Qf7 26. Qb4 c5 27. Qxc5 Nc6 28. Nb6 Rab8
29. Bc4 Qg7 30. f4 exf4 31. Bxf4 Ne5 32. Be2 Bxe4 33. Bxe5 fxe5 34. Nc4 Qb7 35.
Bf1 Bg7 36. Nxe5 Rbc8 37. Qxc8 Rxc8 38. Rxc8+ Qxc8 39. d7 Qc5+ 40. Kh1 Bf6 0-1

[Event "SK Münster 1 - SF Neuenkirchen 1"]
[Site "NRW-Klasse, Gruppe 2 2014/201"]
[Date "2014.09.14"]
[Round "1.4"]
[White "Chilla, Jan Eric"]
[Black "Hachmeister, Dirk"]
[Result "1-0"]
[WhiteElo "2189"]
[BlackElo "2171"]
[PlyCount "119"]
[EventDate "2014.??.??"]
[WhiteTeam "SK Münster 1"]
[BlackTeam "SF Neuenkirchen 1"]

1. Nf3 Nf6 2. g3 b6 3. Bg2 Bb7 4. O-O e6 5. c4 Be7 6. b3 O-O 7. Bb2 c5 8. Nc3
a6 9. e3 d6 10. Qe2 Nbd7 11. d4 Qc7 12. Rac1 Rfe8 13. Rfd1 Rac8 14. Ne1 Bf8 15.
d5 e5 16. e4 g6 17. Nd3 Bg7 18. Rf1 h6 19. Rce1 Nh7 20. Qd2 Rb8 21. f4 Bc8 22.
a4 Ndf6 23. fxe5 dxe5 24. h3 Rf8 25. Ba3 Nd7 26. h4 Nhf6 27. Bh3 Nh5 28. Qg2
Nhf6 29. Rf3 h5 30. Bc1 Qd6 31. Ref1 Ng4 32. Bxg4 hxg4 33. R3f2 Nf6 34. Be3 Bd7
35. a5 Rfc8 36. axb6 Rxb6 37. Rb2 Be8 38. Qf2 Qb8 39. Nxc5 Rxc5 40. Bxc5 Rxb3
41. Rfb1 Rxb2 42. Qxb2 Qc8 43. Qb4 a5 44. Qxa5 Nd7 45. Na4 Nxc5 46. Qxc5 Qa6
47. Nb6 Qa2 48. Rf1 Qb3 49. Qf2 Bh6 50. Re1 Qa3 51. c5 Bb5 52. d6 Bd2 53. d7
Bxd7 54. Nxd7 Bxe1 55. Qxe1 Qd3 56. Nf6+ Kf8 57. Qf2 Qc4 58. Nd7+ Kg7 59. Nxe5
Qc1+ 60. Kh2 1-0

[Event "SK Münster 1 - SF Neuenkirchen 1"]
[Site "NRW-Klasse, Gruppe 2 2014/201"]
[Date "2014.09.14"]
[Round "1.5"]
[White "Buendgen, Achim"]
[Black "Molinaroli, Martin"]
[Result "1-0"]
[WhiteElo "2166"]
[BlackElo "2245"]
[PlyCount "125"]
[EventDate "2014.??.??"]
[WhiteTeam "SF Neuenkirchen 1"]
[BlackTeam "SK Münster 1"]

1. d4 Nf6 2. Bg5 d5 3. Bxf6 exf6 4. e3 Bd6 5. c4 dxc4 6. Bxc4 O-O 7. Nc3 c6 8.
Qh5 Nd7 9. Bd3 g6 10. Qf3 f5 11. Nge2 Nf6 12. h4 Be6 13. Nf4 Qe7 14. O-O-O a5
15. Kb1 a4 16. Rc1 Ra5 17. Rhe1 Bd7 18. g3 Re8 19. e4 fxe4 20. Nxe4 Nxe4 21.
Rxe4 Qf6 22. Rxe8+ Bxe8 23. Qe3 Bd7 24. Ne2 a3 25. Rc2 axb2 26. Rxb2 Ra3 27.
Rb3 Be6 28. Rxa3 Bxa3 29. Bc2 Qe7 30. Nc1 Bd6 31. Nd3 Qc7 32. Nc5 Bd5 33. Bb3
Bxb3 34. axb3 b6 35. Nd3 h5 36. f4 Kg7 37. Ne5 c5 38. Nc4 Kh7 39. d5 b5 40.
Nxd6 Qxd6 41. Qd3 Kg8 42. Kc2 f5 43. Qxb5 Qe7 44. Qb8+ Kf7 45. Qe5 Qa7 46. Qe6+
Kg7 47. d6 Qa2+ 48. Kc3 Qa5+ 49. Kd3 Qa6+ 50. Ke3 Qf1 51. Qe5+ Kh7 52. Kd2 c4
53. Qe7+ Kh6 54. Qf8+ Kh7 55. Qf7+ Kh6 56. Qxc4 Qf2+ 57. Kc3 Qe3+ 58. Qd3 Qc5+
59. Kb2 Qf2+ 60. Kb1 Qg1+ 61. Kc2 Qf2+ 62. Qd2 Qc5+ 63. Kb2 1-0

[Event "SK Münster 1 - SF Neuenkirchen 1"]
[Site "NRW-Klasse, Gruppe 2 2014/201"]
[Date "2014.09.14"]
[Round "1.6"]
[White "Bolwerk, Peter"]
[Black "Haves, Reinhard"]
[Result "1-0"]
[WhiteElo "2184"]
[BlackElo "2124"]
[PlyCount "75"]
[EventDate "2014.??.??"]
[WhiteTeam "SK Münster 1"]
[BlackTeam "SF Neuenkirchen 1"]

1. e4 d6 2. d4 g6 3. Nc3 Bg7 4. Be3 Nc6 5. Qd2 Nf6 6. f3 Nd7 7. O-O-O Nb6 8. h4
e5 9. d5 Nd4 10. Nb5 Nxb5 11. Bxb5+ Bd7 12. Be2 h5 13. Kb1 Bf6 14. g3 Qc8 15.
Rh2 Be7 16. Rc1 c5 17. f4 f6 18. fxe5 fxe5 19. Rf2 Qc7 20. Bg5 Qd8 21. Rcf1
Bxg5 22. hxg5 Qe7 23. Rf6 O-O-O 24. Rf7 Qe8 25. Qe3 h4 26. g4 Bb5 27. Nh3 Bxe2
28. Qxe2 Qa4 29. R1f3 Rd7 30. R7f6 c4 31. Rxg6 Qb4 32. Rgf6 Kb8 33. c3 Qc5 34.
Rf8+ Rxf8 35. Rxf8+ Nc8 36. Qf3 b5 37. Rf7 Ne7 38. Rxe7 1-0

[Event "SK Münster 1 - SF Neuenkirchen 1"]
[Site "NRW-Klasse, Gruppe 2 2014/201"]
[Date "2014.09.14"]
[Round "1.7"]
[White "Seegers, Hendrik"]
[Black "Kamp, Christoph"]
[Result "0-1"]
[WhiteElo "2133"]
[BlackElo "2169"]
[PlyCount "62"]
[EventDate "2014.??.??"]
[WhiteTeam "SF Neuenkirchen 1"]
[BlackTeam "SK Münster 1"]

1. d4 d5 2. Bf4 Nf6 3. e3 c5 4. c3 Qb6 5. Qb3 c4 6. Qxb6 axb6 7. Nd2 b5 8. a3
Nc6 9. Rc1 Bf5 10. Be2 e6 11. h3 Be7 12. Ngf3 Nd7 13. O-O Nb6 14. Ra1 Na4 15.
Ra2 O-O 16. Rc1 Nxb2 17. Rxb2 Bxa3 18. Rbb1 Bxc1 19. Rxc1 Ra2 20. e4 Bxe4 21.
Nxe4 dxe4 22. Nd2 Ne7 23. Bd6 Rxd2 24. Bxe7 Re8 25. Bxc4 bxc4 26. Bc5 Ra8 27.
Rb1 Rc2 28. d5 exd5 29. Bd4 e3 30. fxe3 Raa2 31. Rxb7 Rxg2+ 0-1

[Event "SK Münster 1 - SF Neuenkirchen 1"]
[Site "NRW-Klasse, Gruppe 2 2014/201"]
[Date "2014.09.14"]
[Round "1.8"]
[White "Rott, Georg"]
[Black "Rieke, Theo"]
[Result "1/2-1/2"]
[WhiteElo "2136"]
[BlackElo "1984"]
[PlyCount "126"]
[EventDate "2014.??.??"]
[WhiteTeam "SK Münster 1"]
[BlackTeam "SF Neuenkirchen 1"]

1. e4 e5 2. Nf3 Nc6 3. Bb5 Nf6 4. d3 Bc5 5. O-O d6 6. h3 Bd7 7. c3 a6 8. Ba4
Ba7 9. Nbd2 O-O 10. Bc2 Ne7 11. Nc4 Ng6 12. a4 h6 13. d4 Re8 14. d5 Nh7 15. Be3
Bxe3 16. fxe3 h5 17. Ncd2 h4 18. a5 Rf8 19. Qe1 f5 20. exf5 Bxf5 21. Bxf5 Rxf5
22. Ne4 Qe7 23. c4 Nf6 24. Nxf6+ Qxf6 25. Nd2 Rxf1+ 26. Qxf1 Ne7 27. Qd3 Qf5
28. Qb3 Rf8 29. Rf1 Qc8 30. Rxf8+ Kxf8 31. Qd3 Qf5 32. Qxf5+ Nxf5 33. Kf2 Ke7
34. Nf3 Kf6 35. e4 Ng3 36. Ke3 g5 37. Ng1 Nh5 38. Ne2 Nf4 39. Kf3 Nd3 40. b3 b6
41. axb6 cxb6 42. Ke3 Ne1 43. g3 g4 44. gxh4 gxh3 45. Kf2 Nd3+ 46. Kg3 Nc5 47.
Nc3 Nxb3 48. Kxh3 Nd2 49. c5 bxc5 50. Kg3 Nb3 51. Na4 Nd4 52. Nb6 a5 53. Kf2
Kg6 54. Ke3 Kh5 55. Kd3 Nb5 56. Kc4 Nc7 57. Kb3 Kxh4 58. Nc4 Ne8 59. Nxa5 Kg4
60. Kc4 Nf6 61. Kb5 Nxe4 62. Kc6 Kf3 63. Nc4 Nf6 1/2-1/2

[Event "DJK Aufwärts Aachen 2 - SK Königsspring"]
[Site "NRW-Klasse, Gruppe 2 2014/201"]
[Date "2014.10.05"]
[Round "2.1"]
[White "Scheider, Julian"]
[Black "Roeder, Matthias"]
[Result "1-0"]
[WhiteElo "2284"]
[BlackElo "2395"]
[Annotator "Hausrath,Daniel"]
[PlyCount "81"]
[EventDate "2014.??.??"]
[WhiteTeam "SK Königsspringer Iserlohn 1"]
[BlackTeam "DJK Aufwärts Aachen 2"]

1. e4 c5 2. Nf3 d6 3. d4 cxd4 4. Nxd4 Nf6 5. Nc3 a6 6. Be3 e5 7. Nb3 Be7 8. f3
Be6 9. Qd2 h5 10. Nd5 Nxd5 11. exd5 Bf5 12. Bd3 Bxd3 13. Qxd3 Nd7 14. O-O Rc8
15. c4 O-O 16. Rac1 a5 17. Nd2 Bg5 18. Bf2 f5 19. Rc2 h4 20. b3 Bf4 21. Nb1 Qg5
22. Kh1 Nf6 23. Nc3 Nh5 24. Re1 Rf6 25. Be3 e4 26. fxe4 Ng3+ 27. hxg3 hxg3 28.
Bxf4 Qxf4 29. Kg1 Qh4 30. e5 dxe5 31. Rxe5 f4 32. Qf3 Rh6 $11 33. Kf1 Qf6 34.
Re6 Rh1+ 35. Ke2 Qd4 36. Re4 Qg1 37. Kd3 Rf8 38. Rxf4 Re8 39. Re2 Rxe2 40. Rf8+
Kh7 41. Qf5+ 1-0

[Event "DJK Aufwärts Aachen 2 - SK Königsspring"]
[Site "NRW-Klasse, Gruppe 2 2014/201"]
[Date "2014.10.05"]
[Round "2.2"]
[White "Braun, Christian"]
[Black "Schmuecker, Marcus"]
[Result "1/2-1/2"]
[WhiteElo "2323"]
[BlackElo "2216"]
[PlyCount "42"]
[EventDate "2014.??.??"]
[WhiteTeam "DJK Aufwärts Aachen 2"]
[BlackTeam "SK Königsspringer Iserlohn 1"]

1. e4 e6 2. d3 d5 3. Nd2 c5 4. Ngf3 Nc6 5. g3 g6 6. Bg2 Bg7 7. O-O Nge7 8. Re1
b6 9. exd5 exd5 10. d4 Bf5 11. dxc5 Nb4 12. Ne5 O-O 13. Nd3 Bxd3 14. cxd3 Nxd3
15. Re3 Nxc5 16. Nb3 Nf5 17. Re2 Re8 18. Bf4 Rxe2 19. Qxe2 Qd7 20. Rd1 Nxb3 21.
axb3 Nd4 1/2-1/2

[Event "DJK Aufwärts Aachen 2 - SK Königsspring"]
[Site "NRW-Klasse, Gruppe 2 2014/201"]
[Date "2014.10.05"]
[Round "2.3"]
[White "Kramps, Rene"]
[Black "Skulener, Wladimir"]
[Result "1/2-1/2"]
[WhiteElo "2039"]
[BlackElo "2282"]
[PlyCount "25"]
[EventDate "2014.??.??"]
[WhiteTeam "SK Königsspringer Iserlohn 1"]
[BlackTeam "DJK Aufwärts Aachen 2"]

1. d4 f5 2. e4 fxe4 3. Nc3 Nf6 4. Bg5 c6 5. f3 Qa5 6. Bd2 e3 7. Bxe3 d6 8. Bd3
e5 9. dxe5 dxe5 10. Nge2 Be6 11. a3 Nbd7 12. b4 Qc7 13. O-O 1/2-1/2

[Event "DJK Aufwärts Aachen 2 - SK Königsspring"]
[Site "NRW-Klasse, Gruppe 2 2014/201"]
[Date "2014.10.05"]
[Round "2.4"]
[White "Marcziter, Dmitrii"]
[Black "Franke, Thomas"]
[Result "1-0"]
[WhiteElo "2152"]
[BlackElo "2076"]
[Annotator "Hausrath,Daniel"]
[PlyCount "127"]
[EventDate "2014.??.??"]
[WhiteTeam "DJK Aufwärts Aachen 2"]
[BlackTeam "SK Königsspringer Iserlohn 1"]

1. d4 Nf6 2. c4 g6 3. Nc3 Bg7 4. g3 d6 5. Bg2 O-O 6. Nf3 Nc6 7. O-O a6 8. Qd3
Nb4 9. Qd2 a5 10. b3 c6 11. Bb2 Bf5 12. Nh4 Bd7 13. e4 e5 14. Nf3 Re8 15. h3
Qc7 16. Rfe1 Rad8 17. Rad1 Bc8 18. a3 Na6 19. Qc2 Nd7 20. Bc1 Nf8 $11 21. Bg5
Rd7 22. Be3 Rde7 23. dxe5 dxe5 24. Na4 b5 25. Nb6 Be6 26. c5 h6 27. Bd2 Qa7 28.
Be3 Qc7 29. Rd6 Nd7 30. Red1 Rb8 31. Nxd7 Rxd7 32. Rxd7 Bxd7 33. Qd2 Be6 34. b4
Kh7 35. bxa5 Bb3 36. Rb1 Rd8 37. Qc3 Ba2 38. Rb2 Bc4 39. Rd2 f6 40. Bf1 Bxf1
41. Kxf1 Bf8 42. Kg2 Qe7 43. a4 Rxd2 44. Nxd2 bxa4 45. Qc4 Qb7 46. Qxa4 Bxc5
47. Bxc5 Nxc5 48. Qc4 Na6 49. Nb3 c5 50. Nxc5 Nxc5 51. Qxc5 Qxe4+ 52. Kh2 g5
53. a6 Kg6 54. a7 Qf3 55. Qc2+ Kg7 56. Qa2 Qa8 57. Qa3 h5 58. Qa5 h4 59. Qc7+
Kg6 60. gxh4 Qf3 61. h5+ Kh6 62. Qc2 f5 63. Qa2 Qa8 64. Qf7 1-0

[Event "DJK Aufwärts Aachen 2 - SK Königsspring"]
[Site "NRW-Klasse, Gruppe 2 2014/201"]
[Date "2014.10.05"]
[Round "2.5"]
[White "Messarius, Juergen"]
[Black "Van Dooren, Dirk"]
[Result "1/2-1/2"]
[WhiteElo "2132"]
[BlackElo "2196"]
[Annotator "Hausrath,Daniel"]
[PlyCount "94"]
[EventDate "2014.??.??"]
[WhiteTeam "SK Königsspringer Iserlohn 1"]
[BlackTeam "DJK Aufwärts Aachen 2"]

1. e4 e5 2. Nf3 Nc6 3. d4 exd4 4. Nxd4 Bc5 5. Be3 Qf6 6. c3 Nge7 7. Bc4 Ne5 8.
Be2 d6 9. O-O O-O 10. f4 N5c6 11. Bf3 Re8 12. Qd2 Ng6 13. g3 Nf8 14. b4 Bb6 15.
Na3 Bh3 16. Rfd1 Ne6 17. Qf2 h5 18. Nc4 Bg4 19. Bxg4 hxg4 20. Nb5 Bxe3 21. Nxe3
a6 22. Nd5 Qd8 23. Na3 Nf8 24. Qe2 Qd7 25. Nc2 Ne7 26. Nce3 Nxd5 27. Nxd5 Nh7
28. Rd4 Rac8 29. Re1 f5 30. e5 Qe6 31. Qc2 Qf7 32. Qd2 $11 dxe5 33. fxe5 Nf8
34. Nf4 c5 35. Rd6 cxb4 36. e6 Qc7 37. e7 Rxe7 38. Qd5+ Rf7 39. cxb4 Kh7 40.
Nd3 g6 41. Rc1 Qxc1+ 42. Nxc1 Rxc1+ 43. Kf2 Rc2+ 44. Kf1 Re7 45. Rd8 Rc1+ 46.
Kf2 Rc2+ 47. Kf1 Rc1+ 1/2-1/2

[Event "DJK Aufwärts Aachen 2 - SK Königsspring"]
[Site "NRW-Klasse, Gruppe 2 2014/201"]
[Date "2014.10.05"]
[Round "2.6"]
[White "Juegel, Marcel"]
[Black "Klauke, Stefan"]
[Result "1-0"]
[WhiteElo "2164"]
[BlackElo "2095"]
[PlyCount "80"]
[EventDate "2014.??.??"]
[WhiteTeam "DJK Aufwärts Aachen 2"]
[BlackTeam "SK Königsspringer Iserlohn 1"]

1. d4 d5 2. Nf3 Nc6 3. Bf4 Bg4 4. e3 e6 5. Bb5 Bd6 6. h3 Bxf3 7. Qxf3 Nge7 8.
c3 O-O 9. Bd3 f5 10. Qg3 Bxf4 11. exf4 Rf6 12. Nd2 Qd6 13. Nf3 Rg6 14. Qh2 Rh6
15. O-O-O Rb8 16. Rhg1 b5 17. g4 b4 18. c4 dxc4 19. Bxc4 Na5 20. g5 Rh5 21. Be2
b3 22. a3 Qc6+ 23. Kd2 Qc2+ 24. Ke1 Qxb2 25. Nd2 g6 26. Nb1 Rd8 27. Qg3 Rxd4
28. Rxd4 Qxd4 29. Bxh5 gxh5 30. Qe3 Qxe3+ 31. fxe3 c5 32. Ke2 Kf7 33. Rc1 c4
34. e4 fxe4 35. Nd2 Nd5 36. Nxe4 c3 37. Kd3 c2 38. Re1 Nxf4+ 39. Kd2 Nc4+ 40.
Kc3 Nd5+ 1-0

[Event "DJK Aufwärts Aachen 2 - SK Königsspring"]
[Site "NRW-Klasse, Gruppe 2 2014/201"]
[Date "2014.10.05"]
[Round "2.7"]
[White "Schwanbeck, Christoph"]
[Black "Tochtenhagen, Wolfgang"]
[Result "1-0"]
[WhiteElo "2009"]
[BlackElo "2103"]
[PlyCount "95"]
[EventDate "2014.??.??"]
[WhiteTeam "SK Königsspringer Iserlohn 1"]
[BlackTeam "DJK Aufwärts Aachen 2"]

1. Nf3 Nf6 2. d4 g6 3. Bg5 Bg7 4. Nc3 d6 5. e4 O-O 6. Bc4 c6 7. O-O b5 8. Bb3
b4 9. Bxf6 Bxf6 10. Nd5 Bg7 11. Ne3 a5 12. a3 Ba6 13. Re1 Nd7 14. axb4 axb4 15.
Qd2 Qb6 16. Ra4 Rfb8 17. Rea1 e6 18. Nc4 Bxc4 19. Rxa8 d5 20. exd5 cxd5 21.
Bxc4 dxc4 22. Qf4 Bf8 23. Ne5 Nxe5 24. Qxe5 Bd6 25. Rxb8+ Qxb8 26. Qe4 Kg7 27.
g3 Qb6 28. Ra8 c3 29. bxc3 bxc3 30. Rc8 Qb4 31. Rc6 e5 32. Rxd6 Qxd6 33. Qxe5+
Qxe5 34. dxe5 f6 35. Kf1 fxe5 36. Ke2 Kf6 37. Kd3 Kf5 38. f3 g5 39. Kxc3 g4 40.
fxg4+ Kxg4 41. Kd2 Kf3 42. Ke1 h5 43. c4 Ke4 44. h4 Kd4 45. g4 hxg4 46. h5 g3
47. h6 Ke3 48. Kf1 1-0